| 000 | 00812naa a22002417u 4500 | ||
|---|---|---|---|
| 001 | 20347 | ||
| 003 | HDC | ||
| 007 | cr bn ---aaaaa | ||
| 008 | 210305t201003 xx 000 0 eng | ||
| 040 | _aHDC | ||
| 100 |
_aFaizal Riduan, _eauthor _916303 |
||
| 245 | 0 |
_aBezakan label produk halal keluaran Muslim & bukan Muslim / _cby Faizal Riduan |
|
| 260 |
_a[No place] : _b[publisher not identified], _c2010 |
||
| 336 |
_atext _2rdacontent |
||
| 337 |
_acomputer _2rdamedia |
||
| 338 |
_aonline resource _2rdacarrier |
||
| 650 |
_aHalal food _950 |
||
| 650 |
_aMuslims _9247 |
||
| 856 | _zRequest full-text at [email protected] | ||
| 942 | _2lcc | ||
| 942 | _cEIJ | ||
| 942 | _kEMAG 000883 | ||
| 999 |
_c17663 _d17663 |
||